[Event "Mechanics' Wilkerson Mem TNM; 30/90, SD"]
[Site "San Francisco"]
[Date "2009.08.11"]
[Round "2.13"]
[White "Chernobilskiy, Mikhail"]
[Black "Hilliard, Michael"]
[Result "1-0"]
[WhiteElo "1792"]
[BlackElo "1400"]
[PlyCount "79"]
[EventDate "2009.??.??"]

1. c4 e6 2. Nc3 d5 3. d4 c5 4. cxd5 exd5 5. dxc5 Nc6 6. Qxd5 Qxd5 7. Nxd5 Kd7
8. Bf4 Bxc5 9. O-O-O Bd6 10. Bxd6 Kxd6 11. Nb6+ Kc7 12. Nxa8+ Kb8 13. Nf3 Nf6
14. e3 Bf5 15. Nd4 Nxd4 16. Rxd4 Rc8+ 17. Rc4 Ne4 18. Rxc8+ Bxc8 19. Be2 Kxa8
20. Rd1 Kb8 21. f3 Nc5 22. g4 Kc7 23. h4 Be6 24. b3 a6 25. Rd4 b5 26. f4 f6 27.
Bf3 Kc8 28. Bd5 Kc7 29. Bxe6 Nxe6 30. Re4 Kd6 31. Rxe6+ Kxe6 32. Kd2 Kd5 33.
Kd3 b4 34. e4+ Kc5 35. Ke3 a5 36. Kd3 h6 37. h5 Kb5 38. Kd4 a4 39. Kd5 axb3 40.
axb3 1-0

[Event "Mechanics' Spring TNM; 30/90, SD/30"]
[Site "San Francisco"]
[Date "2009.03.31"]
[Round "3.18"]
[White "Chernobilskiy, Mikhail"]
[Black "Mar, Henry"]
[Result "1-0"]
[WhiteElo "1801"]
[BlackElo "1500"]
[PlyCount "55"]
[EventDate "2009.??.??"]

1. c4 c5 2. Nc3 Nf6 3. Nf3 Nc6 4. e4 d6 5. d4 cxd4 6. Nxd4 Nxd4 7. Qxd4 Ng4 8.
Be2 Ne5 9. O-O Nc6 10. Qd2 e6 11. Rd1 a6 12. Rb1 Be7 13. b4 O-O 14. Ba3 Qc7 15.
b5 Ne5 16. Bxd6 Nxc4 17. Bxc7 Nxd2 18. Rxd2 Bf6 19. e5 Bg5 20. Rd4 f5 21. Rbd1
h6 22. b6 f4 23. Ne4 Be7 24. Bd6 Bxd6 25. Rxd6 Rf5 26. Rd8+ Kh7 27. Bd3 g6 28.
Nf6+ 1-0

[Event "Mechanics' Wilkerson Mem TNM; 30/90, SD"]
[Site "San Francisco"]
[Date "2009.09.22"]
[Round "8.4"]
[White "Chernobilskiy, Mikhail"]
[Black "Sanguinetti, George"]
[Result "0-1"]
[WhiteElo "1792"]
[BlackElo "2003"]
[PlyCount "102"]
[EventDate "2009.??.??"]

1. e4 e5 2. Nf3 Nc6 3. Bb5 a6 4. Bxc6 dxc6 5. O-O Bd6 6. d4 Bg4 7. dxe5 Bxf3 8.
Qxf3 Bxe5 9. Nc3 Qh4 10. h3 Nf6 11. Re1 O-O 12. g4 Rfe8 13. Kg2 h5 14. gxh5
Bxc3 15. bxc3 Nxe4 16. Bf4 Nxc3 17. Bxc7 Nd5 18. Be5 Re6 19. Qg3 Qxg3+ 20. Bxg3
Rae8 21. Rxe6 Rxe6 22. c4 Nf6 23. Rb1 b5 24. cxb5 axb5 25. h6 gxh6 26. a3 Nd5
27. Rd1 Kf8 28. Rd3 Ke8 29. Kf3 Kd7 30. Bb8 Kc8 31. Ba7 Kb7 32. Bc5 Rf6+ 33.
Ke4 Kc7 34. Rf3 Rxf3 35. Kxf3 Kd7 36. Kg4 Ke6 37. Kh5 Nf4+ 38. Kxh6 Nxh3 39.
Kh5 Kf5 40. Kh6 Nf4 41. Bb6 Ne6 42. Kh5 c5 43. Kh6 c4 44. Be3 Ke4 45. Kh7 f5
46. Kg6 f4 47. Bc1 Nc5 48. Kf6 Nd3 49. Bd2 Nxf2 50. Ke6 Nd3 51. Kd6 f3 0-1

[Event "Mechanics' Spring TNM; 30/90, SD/30"]
[Site "San Francisco"]
[Date "2009.03.17"]
[Round "2.23"]
[White "Chernobilskiy, Mikhail"]
[Black "Star, Spencer"]
[Result "1-0"]
[WhiteElo "1801"]
[BlackElo "1097"]
[PlyCount "105"]
[EventDate "2009.??.??"]

1. e4 d5 2. exd5 Qxd5 3. Nc3 Qd6 4. d4 Nf6 5. g3 e6 6. Bg2 Nc6 7. Nf3 g6 8. O-O
Bg7 9. Re1 a6 10. Bf4 Qd7 11. d5 Nd8 12. Nd4 Qe7 13. Bg5 O-O 14. Qd2 c6 15.
dxc6 bxc6 16. Nxc6 Nxc6 17. Bxc6 Bb7 18. Nd5 Qc5 19. Bxf6 exd5 20. Bxb7 Bxf6
21. Bxa8 Rxa8 22. c3 Rb8 23. Rad1 Rd8 24. h4 h5 25. Re3 Kg7 26. Rd3 a5 27. Rxd5
Rxd5 28. Qxd5 Qxd5 29. Rxd5 a4 30. Ra5 g5 31. hxg5 Bd8 32. Rd5 a3 33. b4 h4 34.
gxh4 f6 35. f4 fxg5 36. hxg5 Bxg5 37. fxg5 Kg6 38. Rd6+ Kxg5 39. Re6 Kf5 40.
Re3 Kf6 41. Kf2 Kf5 42. Kf3 Kf6 43. Kf4 Kf7 44. Kf5 Kg7 45. Re6 Kf7 46. Ke5 Kf8
47. Kf6 Kg8 48. Re7 Kf8 49. Ke6 Kg8 50. Rf7 Kh8 51. Kf6 Kg8 52. Kg6 Kh8 53.
Rf8# 1-0

[Event "Mechanics' Wilkerson Mem TNM; 30/90, SD"]
[Site "San Francisco"]
[Date "2009.09.01"]
[Round "5.10"]
[White "Chernobilskiy, Mikhail"]
[Black "Todortsev, Victor"]
[Result "1-0"]
[WhiteElo "1792"]
[BlackElo "1945"]
[PlyCount "39"]
[EventDate "2009.??.??"]

1. e4 c5 2. Nf3 Nf6 3. Nc3 Nc6 4. d4 cxd4 5. Nxd4 d6 6. Bg5 Qa5 7. Bb5 Bd7 8.
Nb3 Qb6 9. Qd2 Nxe4 10. Nxe4 Qxb5 11. O-O-O e6 12. Rhe1 Rc8 13. Nbc5 Nb4 14.
Nxd6+ Bxd6 15. Qxd6 f6 16. Rxe6+ Kf7 17. Qe7+ Kg8 18. Rxd7 Nd3+ 19. Nxd3 Qxg5+
20. f4 1-0

[Event "Mechanics' Winter TNM; 30/90, SD/30"]
[Site "San Francisco"]
[Date "2009.01.27"]
[Round "4.10"]
[White "Chirila, Sergiu"]
[Black "Askin, David"]
[Result "0-1"]
[WhiteElo "1734"]
[BlackElo "1714"]
[PlyCount "68"]
[EventDate "2009.??.??"]

1. d4 d5 2. c4 c6 3. Nc3 Nf6 4. Nf3 e6 5. Bg5 h6 6. Bh4 dxc4 7. e4 g5 8. Bg3 b5
9. a4 b4 10. Nb1 Nxe4 11. Bxc4 a5 12. O-O Nxg3 13. fxg3 Bg7 14. Kh1 g4 15. Ne5
Bxe5 16. dxe5 Qxd1 17. Rxd1 Ba6 18. Nd2 Nd7 19. Bxa6 Rxa6 20. Nc4 Ke7 21. Rd4
Nc5 22. Rad1 h5 23. Nd6 Nxa4 24. Rf1 Rh7 25. Rdf4 Nxb2 26. Rxf7+ Rxf7 27. Rxf7+
Kd8 28. Nb7+ Kc8 29. Nd6+ Kb8 30. Rb7+ Ka8 31. Re7 a4 32. Ne8 Kb8 33. Nd6 a3
34. Rb7+ Ka8 0-1

[Event "Mechanics' Spring TNM; 30/90, SD/30"]
[Site "San Francisco"]
[Date "2009.03.31"]
[Round "3.12"]
[White "Chirila, Sergiu"]
[Black "Litowsky, Daniel"]
[Result "1-0"]
[WhiteElo "1932"]
[BlackElo "1700"]
[PlyCount "63"]
[EventDate "2009.??.??"]

1. e4 e5 2. Nf3 Nc6 3. Bc4 Be7 4. c3 Nf6 5. d3 O-O 6. a3 h6 7. O-O d6 8. Re1 a6
9. d4 Bg4 10. d5 Na5 11. Bd3 b6 12. b4 Nb7 13. Be3 a5 14. Nbd2 axb4 15. cxb4
Qd7 16. Qc1 Ne8 17. Be2 f5 18. Nc4 fxe4 19. Nfxe5 dxe5 20. Nxe5 Qf5 21. Nxg4
Nbd6 22. Bxh6 Nf7 23. Be3 Qxd5 24. Bc4 Qf5 25. h3 Ned6 26. Bxf7+ Rxf7 27. Qxc7
Qb5 28. Qxb6 Qxb6 29. Bxb6 Nc4 30. Bc5 Rxa3 31. Rxa3 Nxa3 32. Rxe4 1-0

[Event "Mechanics' Spring TNM; 30/90, SD/30"]
[Site "San Francisco"]
[Date "2009.04.28"]
[Round "7.14"]
[White "Chirila, Sergiu"]
[Black "MacIntyre, Brendan"]
[Result "1/2-1/2"]
[WhiteElo "1932"]
[BlackElo "1642"]
[PlyCount "72"]
[EventDate "2009.??.??"]

1. e4 c5 2. Nf3 Nc6 3. c3 d5 4. exd5 Qxd5 5. Be2 Nf6 6. d3 g6 7. O-O Bg7 8. Re1
O-O 9. Na3 Bg4 10. Nc4 Rad8 11. Ne3 Qd7 12. Nxg4 Nxg4 13. Qc2 Qf5 14. h3 Nge5
15. Be3 c4 16. Nxe5 Nxe5 17. Bg4 Qxd3 18. Qa4 a6 19. Be2 Qd7 20. Qa5 Nd3 21.
Red1 Qc8 22. Rd2 Rd6 23. Rad1 b5 24. Bxd3 cxd3 25. Rxd3 Rxd3 26. Rxd3 Bf6 27.
Qb6 Qc4 28. Rd2 Qxa2 29. Bh6 Bg7 30. Bxg7 Kxg7 31. Qe3 Qc4 32. Rd4 Qc6 33. Qxe7
Re8 34. Qg5 Qc7 35. Qd2 Re6 36. Rh4 h5 1/2-1/2

[Event "Mechanics' Spring TNM; 30/90, SD/30"]
[Site "San Francisco"]
[Date "2009.03.17"]
[Round "2.15"]
[White "Chirila, Sergiu"]
[Black "Mar, Henry"]
[Result "1-0"]
[WhiteElo "1932"]
[BlackElo "1500"]
[PlyCount "113"]
[EventDate "2009.??.??"]

1. e4 c5 2. c3 d6 3. d4 cxd4 4. cxd4 e6 5. Nc3 a6 6. Nf3 Nc6 7. Be2 Be7 8. O-O
Nf6 9. a3 O-O 10. Qc2 Bd7 11. h3 Rc8 12. e5 dxe5 13. dxe5 Nd5 14. Nxd5 Nd4 15.
Nxe7+ Qxe7 16. Qd1 Nxe2+ 17. Qxe2 Bb5 18. Qe4 Bxf1 19. Kxf1 Qd7 20. Nd4 Rfd8
21. Be3 Rc4 22. Rd1 Qc7 23. Qg4 Qxe5 24. Nxe6 Rxd1+ 25. Qxd1 Rc8 26. Nd4 Rd8
27. Qc2 Qd5 28. Kg1 h6 29. Qc7 Qd7 30. Qg3 Qd6 31. Qg4 Qg6 32. Qxg6 fxg6 33.
Ne6 Rd7 34. Kf1 Kf7 35. Nc5 Rc7 36. b4 Re7 37. Ke2 h5 38. Kd3 Ke8 39. Kd4 Rf7
40. Ke4 Kd8 41. Bd4 Kc8 42. Ne6 Re7 43. Kd5 Rd7+ 44. Kc5 Re7 45. Nxg7 Rc7+ 46.
Kd5 Rd7+ 47. Ke4 Rf7 48. Ne6 Re7 49. Kd5 Rd7+ 50. Ke5 Rf7 51. Nf4 Rg7 52. Kf6
Rd7 53. Be3 Rd6+ 54. Kg5 Kd7 55. Nxg6 Rd5+ 56. Kh4 Rf5 57. Nf4 1-0

[Event "Mechanics' Winter TNM; 30/90, SD/30"]
[Site "San Francisco"]
[Date "2009.02.17"]
[Round "7.24"]
[White "Chirila, Sergiu"]
[Black "Mar, Henry"]
[Result "1-0"]
[WhiteElo "1734"]
[BlackElo "1500"]
[PlyCount "51"]
[EventDate "2009.??.??"]

1. e4 c5 2. Nf3 d6 3. c3 Nf6 4. Be2 Nxe4 5. Qa4+ Bd7 6. Qxe4 Bc6 7. Qc2 g6 8.
O-O Bg7 9. d4 b6 10. Re1 O-O 11. Bg5 Nd7 12. Qd2 Nf6 13. Bc4 e6 14. Qd3 Qc7 15.
Bxf6 Bxf6 16. d5 exd5 17. Bxd5 Rae8 18. Nbd2 Bd7 19. Ne4 Be7 20. h4 Bf5 21. h5
Be6 22. hxg6 hxg6 23. Neg5 Bxg5 24. Nxg5 Bf5 25. Qc4 Re7 26. Qh4 1-0

[Event "Mechanics' Spring TNM; 30/90, SD/30"]
[Site "San Francisco"]
[Date "2009.04.14"]
[Round "5.11"]
[White "Chirila, Sergiu"]
[Black "Milliken, William"]
[Result "1-0"]
[WhiteElo "1932"]
[BlackElo "1692"]
[PlyCount "65"]
[EventDate "2009.??.??"]

1. d4 d5 2. c4 e6 3. Nc3 c5 4. cxd5 exd5 5. Nf3 Nf6 6. e3 Nc6 7. a3 Be7 8. dxc5
Bxc5 9. b4 Be7 10. Bd3 O-O 11. O-O Be6 12. Bb2 Rc8 13. Ne2 h6 14. Ng3 Qd7 15.
Qd2 a6 16. Rfd1 b5 17. Rac1 Bg4 18. Bb1 Rfd8 19. h3 Bxf3 20. gxf3 Qxh3 21. Bf5
Qh4 22. Kg2 h5 23. Bxc8 Rxc8 24. Bxf6 Qxf6 25. Nxh5 Qg6+ 26. Ng3 Rd8 27. Rh1 d4
28. Rh3 Bg5 29. Rch1 Bh6 30. Rh4 dxe3 31. Qxe3 Nd4 32. Rxd4 Rxd4 33. Qxd4 1-0

[Event "Mechanics' Winter TNM; 30/90, SD/30"]
[Site "San Francisco"]
[Date "2009.01.13"]
[Round "2.9"]
[White "Chirila, Sergiu"]
[Black "Periwal, Prashant"]
[Result "1-0"]
[WhiteElo "1734"]
[BlackElo "1869"]
[PlyCount "101"]
[EventDate "2009.??.??"]

1. d4 d5 2. c4 e6 3. Nc3 Nf6 4. Nf3 Bb4 5. e3 O-O 6. a3 Bxc3+ 7. bxc3 Nc6 8.
Bd3 Ne4 9. Qc2 f5 10. O-O Ne7 11. a4 Rf6 12. Ne5 Ng6 13. f3 Nd6 14. e4 fxe4 15.
fxe4 Rxf1+ 16. Kxf1 Nxe5 17. dxe5 Nxe4 18. Ba3 Qh4 19. g3 Nxg3+ 20. hxg3 Qh1+
21. Ke2 Qxa1 22. Bxh7+ Kh8 23. Bf8 Qh1 24. Bxg7+ Kxg7 25. Qg6+ Kf8 26. Qf6+ Ke8
27. Bg6+ Kd7 28. Qf7+ Kc6 29. cxd5+ Qxd5 30. Qf4 Qg2+ 31. Kd3 Qd5+ 32. Ke2 Qa2+
33. Kf3 a5 34. Qd4 Bd7 35. Be4+ Qd5 36. Qc4+ Kb6 37. Bxd5 exd5 38. Qd4+ c5 39.
Qf4 Re8 40. g4 Re6 41. Qf7 Kc6 42. Kf4 d4 43. cxd4 cxd4 44. Ke4 d3 45. Kxd3
Rxe5 46. g5 Kd6 47. Qf8+ Kd5 48. Qf7+ Kd6 49. Kd4 Rf5 50. Qg6+ Be6 51. Qe8 1-0

[Event "Mechanics' Winter TNM; 30/90, SD/30"]
[Site "San Francisco"]
[Date "2009.02.10"]
[Round "6.19"]
[White "Chirila, Sergiu"]
[Black "Rettenmaier, Robert"]
[Result "0-1"]
[WhiteElo "1734"]
[BlackElo "1365"]
[PlyCount "50"]
[EventDate "2009.??.??"]

1. e4 c5 2. Nf3 g6 3. d4 cxd4 4. Nxd4 Nc6 5. f4 Bg7 6. e5 d6 7. Bb5 Bd7 8. Nxc6
Bxc6 9. Bxc6+ bxc6 10. exd6 exd6 11. O-O Ne7 12. Kh1 O-O 13. Nd2 Nd5 14. Nc4
Qc7 15. Rb1 Rfe8 16. b3 Nc3 17. Qf3 Nxb1 18. f5 Rf8 19. f6 Bh8 20. Ne3 Qd7 21.
Qg3 Qe6 22. Ng4 Rfe8 23. Bb2 Nd2 24. Rd1 Ne4 25. Qf3 Qxg4 0-1

[Event "Mechanics' Spring TNM; 30/90, SD/30"]
[Site "San Francisco"]
[Date "2009.03.31"]
[Round "3.23"]
[White "Clarke, Steven"]
[Black "Hilliard, Michael"]
[Result "1-0"]
[WhiteElo "1374"]
[BlackElo "1402"]
[PlyCount "59"]
[EventDate "2009.??.??"]

1. d4 d5 2. c4 c6 3. Nf3 Nf6 4. Nc3 Bf5 5. cxd5 cxd5 6. Qb3 b6 7. e3 Nc6 8. Bb5
Rc8 9. O-O e6 10. Ne5 Qd6 11. Qa4 Ng4 12. Bxc6+ Ke7 13. Nxg4 Bxg4 14. Bb5 Rc7
15. Bd2 g6 16. Ne2 Bxe2 17. Bb4 Qxb4 18. Qxb4+ Kd8 19. Qb3 Bxf1 20. Kxf1 Bd6
21. Ke2 Bxh2 22. g3 h5 23. Rh1 Bxg3 24. fxg3 Kc8 25. Kd2 Kb7 26. Rc1 Rxc1 27.
Kxc1 Rc8+ 28. Kd2 a6 29. Bd3 b5 30. a4 1-0

[Event "Mechanics' Spring TNM; 30/90, SD/30"]
[Site "San Francisco"]
[Date "2009.04.07"]
[Round "4.14"]
[White "Clarke, Steven"]
[Black "Manvelyan, Hovik"]
[Result "0-1"]
[WhiteElo "1374"]
[BlackElo "1903"]
[PlyCount "154"]
[EventDate "2009.??.??"]

1. d4 e6 2. c4 Nf6 3. Nf3 b6 4. Nc3 Bb4 5. a3 Bxc3+ 6. bxc3 Bb7 7. Bg5 h6 8.
Bh4 d6 9. e3 Nbd7 10. Be2 O-O 11. O-O Qe8 12. Nd2 e5 13. d5 e4 14. f3 exf3 15.
Rxf3 Ng4 16. e4 Ndf6 17. Bd3 Bc8 18. Rg3 Qe5 19. Bxf6 Nxf6 20. Bc2 Nh5 21. Re3
Qg5 22. Qe1 Bg4 23. e5 Rae8 24. Nf1 Rxe5 25. Rxe5 dxe5 26. Ng3 Nf6 27. Ne4 Qf4
28. Nxf6+ gxf6 29. Qe4 Qxe4 30. Bxe4 f5 31. Bf3 e4 32. Bxg4 fxg4 33. Re1 f5 34.
g3 Kf7 35. Kf2 Ke7 36. Ke3 Kd6 37. Kd4 Rg8 38. Rf1 Rg5 39. Rf2 Rh5 40. Re2 c6
41. Rf2 c5+ 42. Ke3 Ke5 43. Rd2 Rg5 44. d6 Rg8 45. Rd5+ Ke6 46. Kf4 Rd8 47.
Re5+ Kxd6 48. Rxf5 Re8 49. Rd5+ Kc6 50. Rd2 e3 51. Re2 h5 52. Rxe3 Rf8+ 53. Kg5
Rf3 54. Re4 Rxc3 55. Kxh5 b5 56. cxb5+ Kxb5 57. a4+ Ka5 58. Kxg4 c4 59. h4 Kxa4
60. h5 Kb3 61. h6 Rd3 62. Kf4 c3 63. h7 Rd8 64. Re7 c2 65. Rb7+ Kc3 66. Rc7+
Kd2 67. h8=Q Rxh8 68. Rd7+ Kc1 69. Ke3 Rb8 70. Rc7 Kb1 71. Kd2 Rd8+ 72. Ke3
c1=Q+ 73. Rxc1+ Kxc1 74. g4 a5 75. Kf4 Rd4+ 76. Kf5 Rxg4 77. Kxg4 a4 0-1

[Event "Mechanics' Spring TNM; 30/90, SD/30"]
[Site "San Francisco"]
[Date "2009.04.21"]
[Round "6.17"]
[White "Clarke, Steven"]
[Black "Royzen, Igor"]
[Result "0-1"]
[WhiteElo "1374"]
[BlackElo "1722"]
[PlyCount "62"]
[EventDate "2009.??.??"]

1. d4 Nf6 2. c4 c5 3. d5 b5 4. cxb5 a6 5. bxa6 g6 6. Nc3 Bxa6 7. e4 Bxf1 8.
Kxf1 d6 9. Nge2 Bg7 10. Bd2 O-O 11. f3 Nbd7 12. Qc2 Qa5 13. g4 Rfb8 14. Kg2 Ne8
15. h4 Nc7 16. h5 Nb5 17. hxg6 hxg6 18. Nxb5 Qxb5 19. Bc3 Bxc3 20. Qxc3 Qxe2+
21. Kg3 f6 22. Rh2 Qb5 23. Rah1 Nf8 24. g5 Kf7 25. gxf6 exf6 26. Rh7+ Nxh7 27.
Rxh7+ Kg8 28. Qxf6 Kxh7 29. Qf7+ Kh6 30. Qf4+ Kg7 31. Qxd6 Qe8 0-1

[Event "Mechanics' Winter TNM; 30/90, SD/30"]
[Site "San Francisco"]
[Date "2009.02.24"]
[Round "8.23"]
[White "Cole, Tony"]
[Black "Allen, Tom"]
[Result "0-1"]
[WhiteElo "1359"]
[BlackElo "1539"]
[PlyCount "130"]
[EventDate "2009.??.??"]

1. e4 e5 2. Nf3 Nc6 3. Nc3 Nf6 4. Bc4 Nxe4 5. Bxf7+ Kxf7 6. Nxe4 Be7 7. d3 h6
8. Bd2 d5 9. Ng3 Rf8 10. Qe2 Bf6 11. O-O-O Kg8 12. h3 a5 13. Nh5 Bf5 14. g4 Bg6
15. Rdg1 e4 16. dxe4 Bxe4 17. Nf4 Qd6 18. g5 Bxf3 19. Qxf3 hxg5 20. Qxd5+ Qxd5
21. Nxd5 Nd4 22. Rg4 Nf3 23. Nxc7 Rac8 24. Nd5 Rcd8 25. Nxf6+ gxf6 26. Bxa5 Ra8
27. Bb4 Rxa2 28. Kb1 Rfa8 29. Ba3 R2xa3 30. bxa3 Rxa3 31. Rd1 Ra6 32. Rg3 Rb6+
33. Kc1 Ra6 34. Kb2 Rb6+ 35. Ka3 Nd4 36. c3 Ra6+ 37. Kb4 Nc6+ 38. Kb5 Na7+ 39.
Kc4 Nc6 40. Rb1 Ne5+ 41. Kd4 Rd6+ 42. Kc5 Rc6+ 43. Kd5 b6 44. f4 Rc5+ 45. Ke4
Rc4+ 46. Ke3 Rxf4 47. Ke2 Nc4 48. Rb4 Kf7 49. Rg4 Rxg4 50. hxg4 Ne5 51. Rd4 Ke7
52. Kf2 Nd7 53. Ke3 Ne5 54. Ra4 Kd6 55. Kf2 Nd3+ 56. Ke3 Ne5 57. Kf2 Nd3+ 58.
Kg3 Nc5 59. Rb4 Nd7 60. Rb5 Ke7 61. Kf2 Ke6 62. Kg3 Ke7 63. Rb1 Ke6 64. Re1+
Ne5 65. Rd1 Nf7 {
B won after trading R for N, capturing all W pawns, and promoting} 0-1

[Event "Mechanics' Winter TNM; 30/90, SD/30"]
[Site "San Francisco"]
[Date "2009.01.27"]
[Round "4.27"]
[White "Cole, Tony"]
[Black "Baran, Nicholas"]
[Result "1-0"]
[WhiteElo "1359"]
[BlackElo "1335"]
[PlyCount "31"]
[EventDate "2009.??.??"]

1. e4 e6 2. Nf3 d5 3. exd5 exd5 4. d4 Ne7 5. Nc3 g6 6. Bg5 Nbc6 7. Qe2 Bg7 8.
O-O-O Bg4 9. Bxe7 Nxe7 10. h3 Bf5 11. Re1 O-O 12. Qxe7 Bh6+ 13. Kb1 Re8 14.
Qxd8 Raxd8 15. Rxe8+ Rxe8 16. Nxd5 1-0

[Event "Mechanics' Winter TNM; 30/90, SD/30"]
[Site "San Francisco"]
[Date "2009.01.13"]
[Round "2.17"]
[White "Cole, Tony"]
[Black "Bultman, Charles"]
[Result "0-1"]
[WhiteElo "1359"]
[BlackElo "1777"]
[PlyCount "100"]
[EventDate "2009.??.??"]

1. e4 c5 2. Nc3 Nc6 3. Nf3 d6 4. d4 cxd4 5. Nxd4 Nf6 6. Bc4 e6 7. Bg5 Be7 8.
Bb3 O-O 9. O-O Bd7 10. Ndb5 Qb8 11. Bxf6 gxf6 12. Qg4+ Kh8 13. Rad1 a6 14. Nd4
Rg8 15. Qh5 Rg6 16. Nxc6 Bxc6 17. Rd3 Qg8 18. Rg3 Qg7 19. Re1 Rg8 20. a4 Bd8
21. Ree3 Bb6 22. Rd3 Qf8 23. Rxg6 Rxg6 24. Qh4 Qg7 25. g3 Bc5 26. Qf4 Rg4 27.
Qf3 f5 28. Qd1 fxe4 29. Rxd6 Bxd6 30. Qxd6 h5 31. Qd8+ Kh7 32. h3 Rg5 33. h4
Rg4 34. Nd1 Qe5 35. c3 e3 36. Qd3+ Kg7 37. Nxe3 Rxg3+ 38. fxg3 Qxg3+ 39. Kf1
Bg2+ 40. Ke2 Bf3+ 41. Kd2 Qf2+ 42. Kc1 Qxh4 43. Nf5+ exf5 44. Qxf3 Qe1+ 45. Bd1
h4 46. Qxf5 Qe3+ 47. Kb1 h3 48. Ka2 h2 49. Qg4+ Kf8 50. Qc8+ Kg7 {
White lost on time.} 0-1

[Event "Mechanics' Wilkerson Mem TNM; 30/90, SD"]
[Site "San Francisco"]
[Date "2009.09.01"]
[Round "5.19"]
[White "Cole, Tony"]
[Black "Hack, Richard"]
[Result "1-0"]
[WhiteElo "1432"]
[BlackElo "1708"]
[PlyCount "103"]
[EventDate "2009.??.??"]

1. e4 e5 2. Nf3 Nc6 3. Nc3 Bb4 4. Nd5 Bc5 5. Bc4 Nf6 6. d3 h6 7. Be3 Bxe3 8.
Nxe3 d6 9. Qd2 O-O 10. O-O-O Ne7 11. h3 c6 12. g4 b5 13. Bb3 Ng6 14. Rdg1 a5
15. g5 hxg5 16. Nxg5 Nh5 17. Qd1 Nhf4 18. h4 a4 19. Nxf7 Rxf7 20. Bxf7+ Kxf7
21. Nf5 Bxf5 22. exf5 Nf8 23. Qg4 Qf6 24. h5 Qh6 25. Kd1 Nh7 26. Qf3 d5 27. Qe3
d4 28. Qxe5 Qf6 29. Qxf4 Re8 30. Re1 Rd8 31. Rhg1 Nf8 32. Qc7+ Rd7 33. Qe5 Rd5
34. Qe8+ Kg8 35. h6 Qxh6 36. Rh1 Qf6 37. Rh5 Rxf5 38. Reh1 Rxh5 39. Qxh5 g6 40.
Qh2 Qf3+ 41. Kd2 Kf7 42. Qc7+ Kg8 43. Rh2 Ne6 44. Qh7+ Kf8 45. Qh6+ Kf7 46.
Qh7+ Kf6 47. Qh4+ Kf7 48. Rh3 Qf5 49. Ke1 Nf4 50. Qh7+ Ke6 51. Qg8+ Kd6 52.
Qd8+ {0-1 Hack,R-Cole ,T/Wilkerson 2009} 1-0

[Event "Mechanics' Wilkerson Mem TNM; 30/90, SD"]
[Site "San Francisco"]
[Date "2009.08.04"]
[Round "2.18"]
[White "Cole, Tony"]
[Black "Krasnov, Steven"]
[Result "0-1"]
[WhiteElo "1432"]
[BlackElo "1893"]
[PlyCount "78"]
[EventDate "2009.??.??"]

1. e4 c5 2. Nf3 Nc6 3. Nc3 e6 4. d4 cxd4 5. Nxd4 Qc7 6. Ndb5 Qb8 7. g3 d6 8.
Bf4 e5 9. Be3 a6 10. Na3 Nf6 11. Nd5 Be6 12. Nb6 Ra7 13. Nd5 Ra8 14. Nb6 Nxe4
15. Nxa8 Qxa8 16. f3 Nf6 17. Bg5 b5 18. Bxf6 gxf6 19. Bg2 Qa7 20. c3 d5 21. f4
Bxa3 22. bxa3 O-O 23. Qf3 f5 24. Bh3 Qc5 25. g4 fxg4 26. Bxg4 exf4 27. Bxe6
fxe6 28. Qg4+ Kh8 29. Kd2 Qe3+ 30. Kc2 d4 31. Rhg1 Qxc3+ 32. Kb1 Qd3+ 33. Kb2
Qd2+ 34. Kb1 Qd3+ 35. Kb2 Qg6 36. Qf3 Ne5 37. Qd1 Nc4+ 38. Kb3 Qe4 39. Qg4 Qd3+
0-1

[Event "Mechanics' Spring TNM; 30/90, SD/30"]
[Site "San Francisco"]
[Date "2009.04.21"]
[Round "6.21"]
[White "Cole, Tony"]
[Black "Litowsky, Daniel"]
[Result "0-1"]
[WhiteElo "1413"]
[BlackElo "1700"]
[PlyCount "80"]
[EventDate "2009.??.??"]

1. e4 e5 2. Nf3 Nc6 3. d4 exd4 4. Nxd4 Nf6 5. Bg5 Be7 6. Nc3 h6 7. Bh4 O-O 8.
g4 Nxd4 9. Qxd4 d6 10. f3 a6 11. O-O-O Be6 12. g5 hxg5 13. Bxg5 Ne8 14. Bf4 Bg5
15. Ne2 Bxf4+ 16. Nxf4 Qg5 17. Qd2 b5 18. h4 Qf6 19. h5 c5 20. h6 g6 21. Be2
Kh7 22. Nd5 Bxd5 23. exd5 c4 24. f4 Qf5 25. Rdg1 Nf6 26. Rg5 Qe4 27. Rf1 Rae8
28. Bf3 Qe3 29. f5 Qxd2+ 30. Kxd2 Kxh6 31. Rg2 Nh5 32. Bxh5 gxh5 33. Rfg1 Re5
34. Rg8 Rxd5+ 35. Kc1 Rxg8 36. Rxg8 Rxf5 37. Ra8 h4 38. Rxa6 Rf6 39. Ra5 h3 40.
Rxb5 h2 0-1

[Event "Mechanics' Winter TNM; 30/90, SD/30"]
[Site "San Francisco"]
[Date "2009.02.17"]
[Round "7.21"]
[White "Cole, Tony"]
[Black "Oca, Homer N"]
[Result "0-1"]
[WhiteElo "1359"]
[BlackElo "1677"]
[PlyCount "106"]
[EventDate "2009.??.??"]

1. e4 h6 2. Nf3 e6 3. Nc3 a6 4. a3 d5 5. d4 dxe4 6. Nxe4 Nf6 7. Bd3 Nc6 8. Be3
g5 9. h3 g4 10. hxg4 Nxg4 11. c3 f5 12. Neg5 Bg7 13. Nh3 Qf6 14. Nf4 Bd7 15. d5
exd5 16. Nxd5 Qd6 17. Bc4 Nxe3 18. Nxe3 Qg6 19. Nd5 O-O-O 20. Nf4 Rhe8+ 21. Be2
Qf7 22. O-O Ne5 23. Nxe5 Bxe5 24. Bh5 Qc4 25. Ng6 Bc6 26. Nxe5 Rxe5 27. Qb1 Qh4
28. f4 Rd2 29. Bf3 Bxf3 30. Rxf3 Qg4 31. Qf1 Ree2 32. Rf2 Rxf2 33. Qxf2 Rxf2
34. Kxf2 Qxf4+ 35. Kg1 Qe3+ 36. Kh2 f4 37. Rf1 Qg3+ 38. Kg1 h5 39. Rf3 Qg4 40.
Kf2 Kd7 41. g3 fxg3+ 42. Rxg3 Qf5+ 43. Kg2 h4 44. Rd3+ Ke6 45. Rd4 Qg5+ 46. Kh2
Qg3+ 47. Kh1 h3 48. Rd2 Qe1+ 49. Kh2 Qxd2+ 50. Kxh3 Qg5 51. a4 Kf5 52. c4 Kf4
53. Kh2 Kf3 0-1

[Event "Mechanics' Summer TNM; 30/90, SD/30"]
[Site "San Francisco"]
[Date "2009.06.25"]
[Round "5.23"]
[White "Cole, Tony"]
[Black "Ochoa, Jason"]
[Result "0-1"]
[WhiteElo "1489"]
[BlackElo "1900"]
[PlyCount "58"]
[EventDate "2009.??.??"]

1. e4 c5 2. Nf3 d6 3. d4 cxd4 4. Qxd4 Bd7 5. Nc3 Nc6 6. Qc4 Rc8 7. Bd3 Ne5 8.
Qb3 Nxf3+ 9. gxf3 g6 10. Qxb7 Bg7 11. Bd2 Nf6 12. Bb5 Rb8 13. Bxd7+ Nxd7 14.
Qxa7 Rxb2 15. Nd5 O-O 16. Rc1 e6 17. Nb4 Ne5 18. Qe3 Qf6 19. f4 Nc4 20. Qg3
Nxd2 21. Kxd2 Rxb4 22. c3 Rxe4 23. Qd3 Rxf4 24. Rhf1 Bh6 25. Kd1 Rf3 26. Qe2
Qf4 27. Rc2 Rb8 28. Qa6 Rb1+ 29. Ke2 Qe4# 0-1

[Event "Mechanics' Spring TNM; 30/90, SD/30"]
[Site "San Francisco"]
[Date "2009.03.17"]
[Round "2.18"]
[White "Cole, Tony"]
[Black "Periwal, Prashant"]
[Result "0-1"]
[WhiteElo "1413"]
[BlackElo "1860"]
[PlyCount "84"]
[EventDate "2009.??.??"]

1. e4 c5 2. Nc3 Nc6 3. Nf3 e6 4. d4 cxd4 5. Nxd4 Bc5 6. Be3 Bb4 7. Qd2 Nf6 8.
Bd3 d5 9. f3 e5 10. Nxc6 bxc6 11. exd5 cxd5 12. a3 Ba5 13. b4 Bc7 14. Bc5 Bb6
15. Qe3 Qc7 16. Nb5 Qb8 17. Qg5 Bxc5 18. bxc5 O-O 19. Nd6 Qc7 20. Nf5 Bxf5 21.
Qxf5 Qxc5 22. Rb1 Qe3+ 23. Kf1 Rab8 24. Re1 Qd2 25. g4 Rfe8 26. Re2 Qf4 27. g5
Qxf5 28. Bxf5 Rb1+ 29. Kg2 Rxh1 30. Kxh1 Nh5 31. Bg4 Nf4 32. Rd2 Rb8 33. Rd1 g6
34. Bd7 Rb2 35. Bc6 d4 36. Be4 Nh3 37. Kg2 Nxg5 38. h4 Nxe4 39. fxe4 Rxc2+ 40.
Kh3 Rc3+ 41. Kg4 h5+ 42. Kg5 Kg7 0-1

[Event "Mechanics' Summer TNM; 30/90, SD/30"]
[Site "San Francisco"]
[Date "2009.06.30"]
[Round "6.27"]
[White "Cole, Tony"]
[Black "Ravdin, Bill"]
[Result "1-0"]
[WhiteElo "1489"]
[BlackElo "1280"]
[PlyCount "77"]
[EventDate "2009.??.??"]

1. e4 c5 2. d4 cxd4 3. Qxd4 Nc6 4. Qc4 Nf6 5. Nf3 d6 6. Nc3 g6 7. Bg5 Bg7 8.
Be2 O-O 9. O-O Qc7 10. Bxf6 exf6 11. Nd5 Qd7 12. Qc3 f5 13. Nf6+ Bxf6 14. Qxf6
fxe4 15. Ng5 Qf5 16. Qxf5 Bxf5 17. g4 Nd4 18. Bd1 Bd7 19. Nxe4 Ba4 20. b3 Bc6
21. Nxd6 Rad8 22. Nc4 Rfe8 23. c3 Ne2+ 24. Bxe2 Rxe2 25. Rfe1 Rde8 26. Rxe2
Rxe2 27. Ne3 Kg7 28. g5 f6 29. gxf6+ Kxf6 30. h4 Ke5 31. Kf1 Bf3 32. Nc4+ Kf4
33. Ne3 Rd2 34. c4 Be4 35. a4 Kf3 36. Nd1 Bc2 37. Ke1 Re2+ 38. Kf1 Bxb3 39. Ra3
1-0